| 000 | 00942nam a22001937a 4500 | ||
|---|---|---|---|
| 003 | OSt | ||
| 005 | 20260302011147.0 | ||
| 008 | 260226b |||||||| |||| 00| 0 eng d | ||
| 040 |
_aDWCL GS library _cOC |
||
| 082 | _aFic. D621f 2008 | ||
| 100 | _aDixon, Franklin W. | ||
| 245 |
_athe hardy boys mystery stories 22 _b: the flickering torch mystery _cFranklin W. Dixon |
||
| 260 |
_aNew York _bGrosset & Dunlap, Inc _cc1943 |
||
| 300 |
_a181 _billustrations _c19cm |
||
| 520 | _aIn The Hardy Boys: The Flickering Torch Mystery (#22), Frank and Joe investigate suspicious plane crashes near an East Coast airport, initially tied to a radioactive engine found in a junkyard. The brothers, often working with their father, Fenton, uncover a gang using a flickering torch signal for dangerous activities. | ||
| 546 | _aEnglish | ||
| 700 | _aFranklin W. Dixon | ||
| 942 |
_2ddc _cFIC. _hFic. D621f 2008 _n0 |
||
| 999 |
_c8543 _d8543 |
||